| 000 | 00416nam a2200145Ia 4500 | ||
|---|---|---|---|
| 003 | OSt | ||
| 005 | 20260130124353.0 | ||
| 008 | 211028s2018 xx 000 0 und d | ||
| 040 | _cAIMIT LIBRARY | ||
| 041 | _aeng | ||
| 100 |
_aShruthi; D Souza, Rayan. _g1616189 _97942 |
||
| 245 | _aProject report on quality of worklife at Narayana health Bengaluru / | ||
| 260 |
_aMangalore _bShivaraj K. _c2018 |
||
| 942 |
_2ddc _cPRO |
||
| 999 |
_c219510 _d219510 |
||